Muslim Character / (Record no. 193670)

000 -LEADER
fixed length control field 00847 a2200157 4500
003 - CONTROL NUMBER IDENTIFIER
control field NUST
005 - DATE AND TIME OF LATEST TRANSACTION
control field 20221207175943.0
040 ## - CATALOGING SOURCE
Transcribing agency Nust
082 ## - DEWEY DECIMAL CLASSIFICATION NUMBER
Classification number 297,ALG
100 ## - MAIN ENTRY--PERSONAL NAME
Personal name Al-Ghazali, M.
9 (RLIN) 104380
245 ## - TITLE STATEMENT
Title Muslim Character /
Statement of responsibility, etc. M. Al-Ghazali
260 ## - PUBLICATION, DISTRIBUTION, ETC.
Place of publication, distribution, etc. New Delhi
Name of publisher, distributor, etc. Adam publishers and distributors
Date of publication, distribution, etc. 2005
300 ## - PHYSICAL DESCRIPTION
Extent 260 p.:
505 ## - FORMATTED CONTENTS NOTE
Formatted contents note Pillars Of Islam And Moral Values (Page-5), Weakness Of Morals Proof Of Lack Of Faith (Page-11), An Ideal Personality (Page-18), Belonging Also To Paradise, Belonging Also To Hell (Page-35), Punishment For Moral Crimes (Page-49), The Entire Humanity Deserves Our Morality (Page-55), The Truth (Page-61), Trust And Honesty (Page-82), Fulfillment Of Promise (Page-100), Sincerity (Page-125), Etiquette Of Conversation (Page-144), Philanthropy And Benevolence (Page-254).
942 ## - ADDED ENTRY ELEMENTS (KOHA)
Source of classification or shelving scheme
Koha item type Book
Call number prefix 297,ALG
Holdings
Withdrawn status Lost status Source of classification or shelving scheme Damaged status Not for loan Permanent Location Current Location Shelving location Date acquired Full call number Barcode Date last seen Price effective from Koha item type Public note
          Military College of Signals (MCS) Military College of Signals (MCS) General Stacks 12/12/2016 297,ALG MCS32801 12/08/2016 12/12/2016 Book Almirah No.47, Shelf No.1
© 2023 Central Library, National University of Sciences and Technology. All Rights Reserved.